| 000 | 00494nam a2200169 a 4500 | ||
|---|---|---|---|
| 001 | 000031752 | ||
| 005 | 20200930063143.0 | ||
| 008 | 110701s19uu dr a 000 0 spa d | ||
| 040 |
_aDO-SdBNP _bspa _cBNPHU |
||
| 082 |
_axxx _bM593 |
||
| 245 | 0 | 0 | _aMétodos abreviados y recursos para ahorrar tiempo en la oficina. |
| 260 |
_a[s.l.] : _bPrentice- Hall, _c[19-?]. |
||
| 300 |
_a59 p. : _bil. ; _c21 cm. |
||
| 490 | 1 | _aMejores secretarias | |
| 830 | 0 |
_aMejores secretarias _957990 |
|
| 049 | _aBNPD | ||
| 999 |
_c31244 _d31244 |
||